Zvláštní euro-africké vztahy, 1957-2000

Pridruženie zámorských krajín a uzemí podľa časti IV Rímskej zmluvy. Asociácia afrických štátov k EHS podľa dohôd z Yaoundé. Postoj afrických členov Commonwealthu k asociácii. Partnerstvo afrických, karibských a pacifických štátov s ES podľa 1. konvencie z Lomé. Vývoj a hodnotenie zvláštnych euro-af...

Full description

Saved in:
Bibliographic Details
Main Author: Jelínek, Petr
Format: Book Chapter
Language:Czech
Subjects:
Tags: Add Tag
No Tags, Be the first to tag this record!

MARC

LEADER 00000naa a2200000 4500
001 r034306
005 20230927113145.8
041 0 |a cze 
044 |a CZ 
245 1 0 |a Zvláštní euro-africké vztahy, 1957-2000  |c Petr Jelínek 
520 |a Pridruženie zámorských krajín a uzemí podľa časti IV Rímskej zmluvy. Asociácia afrických štátov k EHS podľa dohôd z Yaoundé. Postoj afrických členov Commonwealthu k asociácii. Partnerstvo afrických, karibských a pacifických štátov s ES podľa 1. konvencie z Lomé. Vývoj a hodnotenie zvláštnych euro-afrických vzťahov v 80. a 90. rokoch. 
610 2 0 |a vzťahy hospodárske medzinárodné 
610 2 0 |a vzťahy politické medzinárodné 
610 2 0 |a integrácia 
610 2 0 |a Afrika 
610 2 0 |a Európska únia 
610 2 0 |a Európske spoločenstvá 
610 2 0 |a história 
610 2 0 |a 1957 
610 2 0 |a 2000 
100 1 |a Jelínek, Petr